Report of the State Level Committee on Open University in Maharashtra (Record no. 489581)

000 -LEADER
fixed length control field 00600cam a22001457a 4500
008 - FIXED-LENGTH DATA ELEMENTS--GENERAL INFORMATION
fixed length control field 180718b1985 xxu||||| |||| 00| 0 eng d
082 ## - DEWEY DECIMAL CLASSIFICATION NUMBER
Classification number P5x5442 M278op
100 ## - MAIN ENTRY--PERSONAL NAME
Personal name Maharashtra. State Level Committee on Open University
245 ## - TITLE STATEMENT
Title Report of the State Level Committee on Open University in Maharashtra
Statement of responsibility, etc. by the Department of Education and Employment, Maharashtra
260 ## - PUBLICATION, DISTRIBUTION, ETC.
Place of publication, distribution, etc. Bombay
Name of publisher, distributor, etc. The Department of Education and Employment
Date of publication, distribution, etc. 1985
300 ## - PHYSICAL DESCRIPTION
Extent 54+p.
500 ## - GENERAL NOTE
General note Chairman: K.G.Deshmukh
700 ## - ADDED ENTRY--PERSONAL NAME
Personal name Maharashtra. Department of Education and Employment
700 ## - ADDED ENTRY--PERSONAL NAME
Personal name Deskmukh, K.G. (Chairman)
Holdings
Withdrawn status Lost status Damaged status Not for loan Permanent Location Current Location Date acquired Full call number Barcode Date last seen Price effective from Koha item type
        Indian Institute of Public Administration Indian Institute of Public Administration 2018-08-04 P5x5442 M278op GG20213 2018-08-04 2018-08-04 GG

Powered by Koha